| Tag |
First Indicator |
Second Indicator |
Subfields |
| LEADER |
00000cam a2200000 i 4500 |
| 001 |
in00005657813 |
| 006 |
m o d |
| 007 |
cr cnu---unuuu |
| 008 |
240717s2025 enk ob 001 0 eng |
| 005 |
20250810205604.4 |
| 010 |
|
|
|a 2024031352
|
| 035 |
|
|
|a (OCoLC)on1449678393
|
| 040 |
|
|
|a DLC
|b eng
|e rda
|c DLC
|d OCLCO
|d YDX
|d CLOUD
|d N$T
|d YDX
|
| 019 |
|
|
|a 1479378252
|a 1479382764
|a 1479383022
|
| 020 |
|
|
|a 9781803741598 (electronic bk.)
|
| 020 |
|
|
|a 1803741597
|q electronic book
|
| 020 |
|
|
|a 9781803741604
|q electronic book
|
| 020 |
|
|
|a 1803741600
|q electronic book
|
| 020 |
|
|
|z 9781803741581
|q paperback
|
| 035 |
|
|
|a (OCoLC)1449678393
|z (OCoLC)1479378252
|z (OCoLC)1479382764
|z (OCoLC)1479383022
|
| 037 |
|
|
|a awx6pkr9
|b cloudLibrary
|n https://yourcloudlibrary.com
|
| 042 |
|
|
|a pcc
|
| 043 |
|
|
|a n-us---
|
| 050 |
0 |
4 |
|a TL789
|b .J463 2025
|
| 072 |
|
7 |
|a SOC002000
|2 bisacsh
|
| 072 |
|
7 |
|a FIC027130
|2 bisacsh
|
| 072 |
|
7 |
|a FIC027000
|2 bisacsh
|
| 072 |
|
7 |
|a FIC000000
|2 bisacsh
|
| 072 |
|
7 |
|a FIC028000
|2 bisacsh
|
| 072 |
|
7 |
|a HIS027000
|2 bisacsh
|
| 072 |
|
7 |
|a HIS000000
|2 bisacsh
|
| 072 |
|
7 |
|a HIS037070
|2 bisacsh
|
| 072 |
|
7 |
|a HIS037030
|2 bisacsh
|
| 072 |
|
7 |
|a REL000000
|2 bisacsh
|
| 072 |
|
7 |
|a SOC002010
|2 bisacsh
|
| 072 |
|
7 |
|a SOC000000
|2 bisacsh
|
| 082 |
0 |
0 |
|a 001.942
|2 23/eng/20240723
|
| 100 |
1 |
|
|a Jenkins, Timothy,
|d 1952-
|e author.
|1 https://id.oclc.org/worldcat/entity/E39PCjvDr4xCPGQy9MCXhy99H3
|
| 245 |
1 |
0 |
|a Flying saucers :
|b an introduction /
|c Timothy Jenkins.
|
| 246 |
3 |
3 |
|a Images of elsewhere
|
| 264 |
|
1 |
|a Oxford ;
|a New York :
|b Peter Lang,
|c [2025]
|
| 300 |
|
|
|a 1 online resource (ix, 161 pages).
|
| 336 |
|
|
|a text
|b txt
|2 rdacontent
|
| 337 |
|
|
|a computer
|b c
|2 rdamedia
|
| 338 |
|
|
|a online resource
|b cr
|2 rdacarrier
|
| 490 |
0 |
|
|a Images of elsewhere ;
|v vol. 1
|
| 500 |
|
|
|a Includes the text from a U.S. Air Force report on unidentified flying objects.
|
| 504 |
|
|
|a Includes bibliographical references and index.
|
| 520 |
|
|
|a "'Jenkins' meticulously researched essay will change how you think about UFOs. The interesting question is not whether flying saucers are real or fake, but rather, in what sociotechnical world were such sightings plausible? A fascinating exploration of military vigilance, technological innovation and changing standards of evidence in the mid-twentieth century.' - Matei Candea, Professor of Social Anthropology, University of Cambridge. Flying saucers emerged as objects of concern to an intelligence unit operating within the US Air Force in the early Cold War. This book tracks the progressive identification and conceptualization of the UFO (Unidentified Flying Object) through contemporary documents and traces the fate of the 'interplanetary hypothesis'. This small-scale history relates to extraordinary developments in the period in both weapons and communications technologies, as powered rocket flight beyond the atmosphere became a possibility and home radar had to be expanded to detect and meet the threat of enemy missiles. In this context, sightings provoked increasing division among investigators as well as growing public interest in flying saucers, and official policy shifted focus from research to management of reactions to these objects. All the features of early UFO sightings have continued into the present with controversies over UAPs (Unidentified Aerial Phenomena)"--
|c Provided by publisher.
|
| 588 |
|
|
|a Description based on online resource; title from digital title page (viewed on December 31, 2024).
|
| 610 |
1 |
0 |
|a United States.
|b Air Force
|x History
|y 20th century.
|
| 610 |
1 |
0 |
|a United States.
|b Air Force
|x Technological innovations.
|
| 650 |
|
0 |
|a Unidentified flying objects
|x Sightings and encounters
|x Social aspects.
|
| 650 |
|
0 |
|a Unidentified flying objects
|x Research
|z United States.
|
| 650 |
|
0 |
|a Social psychology.
|
| 650 |
|
0 |
|a Geopolitics
|x Psychological aspects.
|
| 610 |
1 |
6 |
|a États-Unis.
|0 (CaQQLa)201-0281491
|b Air Force
|0 (CaQQLa)201-0281491
|x Innovations.
|0 (CaQQLa)201-0379286
|
| 650 |
|
6 |
|a Ovnis
|0 (CaQQLa)201-0106589
|x Observations et rencontres
|0 (CaQQLa)201-0106589
|x Aspect social.
|0 (CaQQLa)201-0374080
|
| 650 |
|
6 |
|a Ovnis
|0 (CaQQLa)201-0017067
|x Recherche
|0 (CaQQLa)201-0379425
|z États-Unis.
|0 (CaQQLa)201-0407727
|
| 650 |
|
6 |
|a Psychologie sociale.
|0 (CaQQLa)201-0000281
|
| 650 |
|
6 |
|a Géopolitique
|0 (CaQQLa)201-0005564
|x Aspect psychologique.
|0 (CaQQLa)201-0373794
|
| 650 |
|
7 |
|a social psychology.
|2 aat
|0 (CStmoGRI)aat300054452
|
| 650 |
|
7 |
|a Anthropology.
|2 bisacsh
|
| 650 |
|
7 |
|a Science Fiction.
|2 bisacsh
|
| 650 |
|
7 |
|a Romance.
|2 bisacsh
|
| 650 |
|
7 |
|a FICTION.
|2 bisacsh
|
| 650 |
|
7 |
|a Military.
|2 bisacsh
|
| 650 |
|
7 |
|a HISTORY.
|2 bisacsh
|
| 650 |
|
7 |
|a 20th Century.
|2 bisacsh
|
| 650 |
|
7 |
|a Modern.
|2 bisacsh
|
| 650 |
|
7 |
|a RELIGION.
|2 bisacsh
|
| 650 |
|
7 |
|a Cultural.
|2 bisacsh
|
| 650 |
|
7 |
|a SOCIAL SCIENCE.
|2 bisacsh
|
| 655 |
|
7 |
|a Essays.
|2 lcgft
|
| 655 |
|
0 |
|a Electronic books.
|
| 776 |
0 |
8 |
|i Print version:
|a Jenkins, Timothy, 1952-
|t Flying saucers
|d Oxford ; New York : Peter Lang, [2024]-
|z 9781803741581
|w (DLC) 2024031351
|
| 852 |
8 |
|
|b POD
|z This title is available for the library to purchase for your use. Click the "Purchase It For Me" button to place a request. This item will take 5-10 business days to arrive.
|
| 955 |
|
|
|a Ebook POD title
|
| 961 |
|
|
|m 565731
|
| 999 |
f |
f |
|s 8556d2f5-3a81-4aef-be6d-9ab813b9edeb
|i 939d9f2e-31ca-4ba9-b798-71f876f5f36a
|t 0
|
| 952 |
f |
f |
|a Texas A&M University
|b College Station
|c Sterling C. Evans Library
|d Purchase on Demand
|t 0
|e TL789 .J463 2025
|h Library of Congress classification
|
| 998 |
f |
f |
|a TL789 .J463 2025
|t 0
|l Purchase on Demand
|